1170 1569 1692 1758 1214 1427 1015 1197 1316 1787 1566 1810 1616 1756 1006 1045 1365 1471 1593 1864 1113 1774 1421 1120 1342 1897 1453 1391 1475 1311 1036 1657 1971 1459 1357 1370 1614 1600 1114 1771 1627 1364 1374 1148 1902 1331 1816 1341 1116 1350 1122 1945 1864 1770 1265 1435 1207 1972 1555 1432 1579 1396 1751 1180 1537 1341 1250 1394 1831 1093 1704 1988 1328 1493 1078 1341 1688 1052 1475 1305 1763 1670 1933 1128 1227 1860 1750 1842 1807 1962 1259 1544 1040 1385 1829 1526 1337 1606 1260 BCNSPRNW ULIB Ver.6.0+V

เปลี่ยนเป็นภาษาไทย

Change to English
 แสดงรายละเอียดบรรณานุกรม
  กลับหน้าหลัก

Brief Record : Get Marc (ISO 2709) : E-mail record : QR code < ปิดหน้าต่าง
LEADER : 00000nam 2200000uu 4500
001    13399112865
003     ULIB
008    110914s2551||||th 000 0 tha d
020    9789740537915
090    นว.^bห111ฟ 2551
100 0  หย่วนเยวี่ย
245 00 พรหมลิขิตรัก/^cหยวนเยวี่ย
250    พิมพ์ครั้งที่ 1
260    กรุงเทพฯ :^bแจ่มใส,^c2551
300    155 หน้า
710 1  แจ่มใส
945    ^p129^l0^i15018
995    กัณชพร
999     ^aใช้งานได้ทุกระบบ
รายการนี้ยังไม่มีแท็ก
คุณยังไม่ได้ล็อกอิน คุณสามารถมีกิจกรรมร่วมกับเว็บไซต์ได้ แต่ต้องล็อกอินก่อน ::
  ล็อกอิน

รายการสื่อสารสนเทศ

ลำดับที่ ประเภท เลขเรียก/บาร์โค้ด สถานที่ สถานะ
1. วิทยาศาสตร์การแพทย์ และสุขภาพ
วิทยาศาสตร์การแพทย์ และสุขภาพ
นว. ห111ฟ 2551  
  Barcode: 15018
ห้องสมุดวิทยาเขตสวรรค์ประชารักษ์
►นวนิยาย
บนชั้น
  ขอยืม

BibComment


ยังไม่เคยถูกคอมเมนท์

คอมเมนท์ทรัพยากรรายการนี้
  คอมเมนท์: พรหมลิขิตรัก หยวน..


 Copyright 2026. Bcnsprnw @Library